Statistics for Regions of Senegal

Click here to take the quiz!

General Stats

  • This quiz has been taken 23 times
  • The average score is 4 of 14

Answer Stats

PopulationAreaRegion% Correct
3,140,000550 km²Dakar
100%
1,790,0006,670 km²Thiès
36%
910,00019,240 km²Saint-Louis
29%
1,500,0004,830 km²Diourbel
21%
960,0005,360 km²Kaolack
21%
150,00016,800 km²Kédougou
21%
710,00013,770 km²Kolda
21%
560,00029,450 km²Matam
21%
450,0007,340 km²Sédhiou
21%
680,00042,360 km²Tambacounda
21%
550,0007,350 km²Ziguinchor
21%
840,0006,850 km²Fatick
14%
570,00011,260 km²Kaffrine
14%
870,00024,890 km²Louga
14%

Score Distribution

Percentile by Number Answered

Percent of People with Each Score

Your Score History

You have not taken this quiz